[Event "Wch FIDE Online U16 Girls Europe qual"]
[Site "Tornelo INT"]
[Date "2020.12.08"]
[Round "4"]
[White "Galvan Cipriani, Viviana"]
[Black "Ahmadova, Yegana"]
[Result "0-1"]
[WhiteElo "1904"]
[BlackElo "1464"]
[PlyCount "112"]
[EventDate "2020.12.07"]
[EventType "swiss (rapid)"]
[EventRounds "7"]
[EventCountry "ISS"]
[SourceTitle "EXT 2022"]
[Source "ChessBase"]
[SourceDate "2021.10.06"]
[SourceVersion "1"]
[SourceVersionDate "2021.10.06"]
[SourceQuality "1"]

1. c4 g6 2. Nc3 Bg7 3. g3 f5 4. Bg2 Nf6 5. d3 c6 6. e4 d6 7. Nge2 fxe4 8. dxe4 0-0 9. 0-0 Be6 10. b3 Nbd7 11. Bb2 Rc8 12. Qc2 b5 13. cxb5 cxb5 14. Nf4 Bf7 15. Qe2 a6 16. Rfd1 Qb6 17. Rd2 Ne5 18. h3 Bh6 19. Kh1 b4 20. Na4 Qb7 21. Rad1 g5 22. Nd3 g4 23. Nxe5 dxe5 24. Rd3 gxh3 25. Bf3 Bg6 26. Re1 Qb5 27. a3 Rc6 28. axb4 Rfc8 29. Nc3 Qxb4 30. Nd5 Nxd5 31. Bxe5 Rc2 32. Qf1 Nf6 33. Bxf6 exf6 34. Rdd1 Bd2 35. Re2 Rc1 36. Kh2 Bh6 37. Rxc1 Rxc1 38. Qxh3 Bf8 39. Qe6+ Kg7 40. Qxa6 Qxb3 41. Qa7+ Kg8 42. Bg2 Qd1 43. Ra2 Qg1+ 44. Kh3 Qd1 45. f3 Rc2 46. Rxc2 Qxc2 47. Qb6 Qc8+ 48. Kh2 Qc3 49. Qe6+ Bf7 50. Qg4+ Bg6 51. Qe6+ Bf7 52. Qg4+ Kh8 53. Qf4 Qe5 54. Qh4 Qg5 55. Qh3 Qh5 56. Qxh5 Bxh5 0-1